000
00300nam a22001217a 4500
999
_c
13879
_d
13879
020
_a
9781506239552
082
_a
610.76
100
_a
KAPLAN Medical
245
_a
USMLE Step 1 Lecture Notes 2018: Immunology and Microbiology
260
_a
New York
_b
Kaplan
_c
2018
300
_a
497 pages
942
_c
BK